Score 0/40 Timer 05:00
4 Plays Today
Question Answer Wrong Answers
_____ of Pi
by Yann Martel
Life
90.3%
Death
0.7%
The Secret _____ of Bees
by Sue Monk Kidd
Life
90%
Death
1.3%
The _____ Zone
by Stephen King
Dead
90%
Life
1.3%
As I Lay _____
by William Faulkner
Dying
89.4%
Living
1.8%
Luckiest Girl _____
by Jessica Knoll
Alive
88.5%
Dead
2.7%
One Day in the _____ of Ivan Denisovich
by Aleksandr Solzhenitsyn
Life
88.3%
Death
2.8%
Wicked: The _____ and Times of the Wicked Witch of the West
by Gregory Maguire
Life
88.1%
Death
3.2%
Marley and Me: _____ and Love with the World's Worst Dog
by John Grogan
Life
87.9%
Death
3.4%
A _____ in the Family
by James Agee
Death
87.7%
Life
3.5%
We Have Always _____ in the Castle
by Shirley Jackson
Lived
87.6%
Died
3.5%
_____ of a Salesman
by Arthur Miller
Death
87.4%
Life
3.9%
Rosencrantz and Guildenstern Are _____
by Tom Stoppard
Dead
86.9%
Living
4.1%
_____ Comes for the Archbishop
by Willa Cather
Death
86.5%
Life
4.5%
The Story of My _____
by Helen Keller
Life
86.2%
Death
5.2%
Lust for _____
by Irving Stone
Life
84.7%
Death
6.5%
1st to _____
by James Patterson
Die
84.6%
Live
6.7%
_____, the Universe and Everything
by Douglas Adams
Life
84.5%
Death
6.8%
_____ on the Nile
by Agatha Christie
Death
84.1%
Life
7.2%
The Immortal _____ of Henrietta Lacks
by Rebecca Skloot
Life
83.4%
Death
7.7%
_____ Decisions
by Kathy Reichs
Deadly
83.3%
Lively
7.7%
This Boy's _____
by Tobias Wolff
Life
82.8%
Death
8.3%
_____ Wire
by Harlan Coben
Live
82.7%
Dead
8.5%
The Naked and the _____
by Norman Mailer
Dead
79.3%
Living
11.7%
Live and Let _____
by Ian Fleming
Die
78.9%
Live
12.6%
Me & Earl & the _____ Girl
by Jesse Andrews
Dying
78.7%
Living
12.5%
_____ in Venice
by Thomas Mann
Death
77%
Life
14.3%
John _____ at the End
by David Wong
Dies
72.3%
Lives
18.9%
Speaker for the _____
by Orson Scott Card
Dead
71.7%
Living
19.4%
We the _____
Ayn Rand
Living
69.4%
Dying
21.8%
_____ on the Mississippi
by Mark Twain
Life
68.8%
Death
22.5%
Naked in _____
by J.D. Robb
Death
66.6%
Life
24.7%
The _____ of the Heart
by Elizabeth Bowen
Death
58.7%
Life
32.4%
Three to Get _____
by Janet Evanovich
Deadly
56.9%
Lively
34.4%
A Little _____
by Hanya Yanagihara
Life
51.6%
Death
39.3%
_____ Souls
by Nikolai Gogol
Dead
51.1%
Living
40%
_____ by Night
by Dennis Lehane
Live
47.8%
Die
43.4%
_____ to Tell the Tale
by Gabriel García Márquez
Living
47.4%
Dying
43.8%
_____ Until Dark
by Charlaine Harris
Dead
41.7%
Alive
49.8%
The _____ of Ivan Ilych
by Leo Tolstoy
Death
40.6%
Life
50.6%
Life After _____
by Kate Atkinson
Life
13.7%
Death
77.9%

You're not logged in!

Compare scores with friends on all Sporcle quizzes.
OR
Log In

Sporcle TV

Today on Sporcle TV


Watch our educational content, quiz creation guides, and fun videos on Sporcle TV.

Show Comments

Extras

Top Quizzes Today


Score Distribution

Paid Content

Your Account Isn't Verified!

In order to create a playlist on Sporcle, you need to verify the email address you used during registration. Go to your Sporcle Settings to finish the process.

Report this User

Report this user for behavior that violates our Community Guidelines.

Details: